LEADER 01228nam a2200301 a 4500 001 000000136717 003 CaOOAMICUS 005 20131205115021.0 008 131205s2013 it u000 u ita r 020 $a978-88-6124-484-9 040 $aPUL$bita 082 04$a268 245 03$aLa fede che cammina :$bdinamismo, struttura e trasmissione /$cGiuseppe Alcamo (ed.) 260 $aTrapani :$bIl pozzo di Giacobbe,$c©2013. 300 $a156 p. ;$c22 cm 490 1 $aFormazione e teologia ;$v11 504 $aBibliografia in nota. 650 4$aCatechesi.$0(OLS)http://pul/subject/4492 700 1 $aAlcamo, Giuseppe.$0(OLS)http://pul/name/70249 830 0$aFormazione e teologia ;$v11.$0(OLS)http://pul/title/145717 850 $aPUL 852 $aPUL$W1$xSL Religione 3$y85$m268 ALCGI 2$j157478$qDDC 21$B156941$CPULBib$Z2$F156941 $H123301 $82 941 1 $a9 996 $6020$a978-88-6124-484-9$9(OLS)http://pul/number/154142 996 $6082$a268$9(OLS)http://pul/classification/662 996 $6245$aLa fede che cammina :$bdinamismo, struttura e trasmissione$9(OLS)http://pul/title/173090 996 $6260$aTrapani :$bIl pozzo di Giacobbe$9(OLS)http://pul/publisher/79226 LEADER 00964naa a2200205 u 4500 001 000000102595 003 CaOOAMICUS 005 20070226130212.0 008 060629s1959 it u000 u ita u 035 $a11094372 040 $aIAR$bita 100 1 $aSampers, André,$cC.SS.R.,$d1915-1998.$0(OLS)http://pul/name/63706 245 12$aL'Accademia Alfonsiana, 1957-1959 :$bSommario dell'attività svolta nel primo biennio /$cAndrea Sampers. 260 $aRoma :$bCollegium S.Alphonsi de Urbe,$c1959. 300 $aS. 452-464 ;$c25 cm 500 $aIAR: FF-197 730 0 $aSpicilegium historicum Congregationis SSmi Redemptoris$g[Spogli].$0(OLS)http://pul/title/8855 773 0 $tSpicilegium historicum Congregationis SSmi Redemptoris$ga.7 (1959)$w()6012 996 $6245$aL'Accademia Alfonsiana, 1957-1959 :$bSommario dell'attività svolta nel primo biennio$9(OLS)http://pul/title/129503 996 $6260$aRoma :$bCollegium S.Alphonsi de Urbe$9(OLS)http://pul/publisher/79185